00949cam a22002655a 4500999001700000003000900017005001700026008004100043020001800084040004600102082001700148245007400165264007000239264001100309300002400320336002600344337002800370338002700398590001700425650005000442653002500492655002400517942001900541952012300560 c10550d10550EG-ScBUE20201128013502.0090201t2008 nyu f d 000 0 eng d a9788086880464 aEG-ScBUE bengerdacEG-ScBUE dEG-ScBUE 04a423bPRA22200aPractical dictionary :bbuild your vocabulary : improve your English. 1aNew York :bReader's Digest Association Far East Limited,c[1998] 4cc 1998 a1088 pages ;c29 cm 2rdacontentatextbtxt 2rdamediaaunmediatedbn 2rdacarrieravolumebnc amahmoud sami 7aEnglish language vDictionaries.2BUEsh91912 bHHUUEENNcAugust2018 vReading book934232 2ddccREFERENCE 00102ddc40708unknownaMAINbMAINc0THd2009-02-01ePurchasel0o423 PRAp000014412r2025-07-15 00:00:00yREFERENCE